Ngôn ngữ học đối chiếu

TriÌ€nh baÌ€y khái quát các vấn đêÌ€ cơ bản của ngôn ngữ hoÌ£c đối chiếu môÌ£t phân ngaÌ€nh ngôn ngữ hoÌ£c có giá triÌ£ ứng duÌ£ng cao: phaÌ£m vi ứng duÌ£ng; cơ sở nghiên cứu; nguyên tắc vaÌ€ phương pháp đối c...

Cur síos iomlán

Đã lưu trong:
Sonraí Bibleagrafaíochta
Príomhúdar: BuÌ€i, MaÌ£nh HuÌ€ng
Formáid: Leabhar
Teanga:Undetermined
Foilsithe: H. Giáo dục 2008
Ábhair:
Rochtain Ar Líne:http://lrc.tdmu.edu.vn/opac/search/detail.asp?aID=2&ID=7539
Clibeanna: Cuir Clib Leis
Gan Chlibeanna, Bí ar an gcéad duine leis an taifead seo a chlibeáil!
Thư viện lưu trữ: Trung tâm Học liệu Trường Đại học Thủ Dầu Một
LEADER 01357nam a2200205Ia 4500
001 TDMU_7539
008 210410s9999 xx 000 0 und d
082 |a 410 
090 |b B534 
100 |a BuÌ€i, MaÌ£nh HuÌ€ng 
245 0 |a Ngôn ngữ học đối chiếu 
245 0 |c BuÌ€i MaÌ£nh HuÌ€ng 
260 |a H. 
260 |b Giáo duÌ£c 
260 |c 2008 
300 |a 288tr. 
520 |a TriÌ€nh baÌ€y khái quát các vấn đêÌ€ cơ bản của ngôn ngữ hoÌ£c đối chiếu môÌ£t phân ngaÌ€nh ngôn ngữ hoÌ£c có giá triÌ£ ứng duÌ£ng cao: phaÌ£m vi ứng duÌ£ng; cơ sở nghiên cứu; nguyên tắc vaÌ€ phương pháp đối chiếu ngôn ngữ; các biÌ€nh diêÌ£n nghiên cứu vaÌ€ môÌ£t số thử nghiêÌ£m phân tích đối chiếu ngôn ngữ.; AV090 Ngôn ngữ học đối chiếu 
650 |a Ngôn ngữ hoÌ£c đối chiếu; Ngôn ngữ; Ngôn ngữ hoÌ£c; Đối chiếu 
856 |u http://lrc.tdmu.edu.vn/opac/search/detail.asp?aID=2&ID=7539 
980 |a Trung tâm Học liệu Trường Đại học Thủ Dầu Một